Postoje obyvateľov hlavného mesta Slovenskej republiky voči vybraným témam reklamy
Skúmanie postojov obyvateľov hlavného mesta Slovenskej republiky. Postoje recipientov voči vybraným kontroverzným aspektom reklamy, a to konkrétne postoje voči reklame na cigarety, tvrdý alkohol, pivo, víno a lieky a postoje voči erotickým motívom v reklame. Východiskom realizácie výskumu bol výskum...
Enregistré dans:
| Auteur principal: | |
|---|---|
| Autres auteurs: | |
| Format: | Chapitre de livre |
| Langue: | slovaque |
| Sujets: | |
| Tags: |
Pas de tags, Soyez le premier à ajouter un tag!
|
MARC
| LEADER | 00000naa a2200000 4500 | ||
|---|---|---|---|
| 001 | 0273827 | ||
| 005 | 20210520101336.8 | ||
| 041 | 0 | |a slo | |
| 044 | |a SK | ||
| 245 | 1 | 0 | |a Postoje obyvateľov hlavného mesta Slovenskej republiky voči vybraným témam reklamy |c Martina Jantová, Peter Štarchoň |
| 520 | |a Skúmanie postojov obyvateľov hlavného mesta Slovenskej republiky. Postoje recipientov voči vybraným kontroverzným aspektom reklamy, a to konkrétne postoje voči reklame na cigarety, tvrdý alkohol, pivo, víno a lieky a postoje voči erotickým motívom v reklame. Východiskom realizácie výskumu bol výskum Česi a reklama pre rok 2020. Legislatívne obmedzenia reklamy. | ||
| 610 | 2 | 0 | |a postoje |
| 610 | 2 | 0 | |a obyvateľstvo |
| 610 | 2 | 0 | |a reklama |
| 610 | 2 | 0 | |a produkty |
| 100 | 1 | |a Jantová, Martina | |
| 700 | 1 | |a Štarchoň, Peter | |